Quizzes
Events
Quiz Creation
Community
Videos
Private Events
Remove Ads
Sign In
Join for FREE
Feedback
Dark Mode
Quiz Categories
Sports
Geography
Music
Movies
Television
Just For Fun
Miscellaneous
History
Literature
Language
Science
Gaming
Entertainment
Religion
Holiday
For Kids
Quiz Lab
Recent
Popular Today
Quiz Kudos Today
Editor Picks
Curator Picks
Quizzes by...
Day
Popularity
Type
Ratings
Length
Year
Community
Subscriptions
Recent Discussions
Orange Saloon
Badges
Playlists
Quests
Create
Leaderboards
Showdown
Live 5
Trivia Bingo
Activity
Puzzle Library
Sporcle Events
Private Events
Virtual Trivia
Globe League
Become a Host
Pub Owners
SporcleCon
Opinionation
Our Games
Videos
Blog
Mobile Apps
Partnerships
Remove Ads and Go Orange
Feedback
History
US Presidents
World Leaders
Politics
Nation
Discovery
War
Decade
Year
Century
Biography
Art
History
US Presidents
World Leaders
Politics
Nation
Discovery
War
Decade
Year
Century
Biography
Art
Random Quiz
Search Sporcle
×
Quiz Lab
Quiz Lab
History
Italy
Select answers by clicking on text or image buttons
Select answers by clicking on text or image buttons
Clickable
Best Score? Go Orange.
Battles of the Italian Risorgimento Stats
Can you match the years of those battles of the Italian Risorgimento?
By
Frankitalian
10m
27 Questions
22 Plays
22 Plays
22 Plays
Comments
Comments
Give Quiz Kudos
Give Quiz Kudos
-
- Ratings
hide this ad
Random Order
Randomize order of answers
Randomize order of answers
Replay
Link that replays current quiz
Next Quiz
Link to next quiz in quiz playlist
You Got
0%
They Got
Avg Score
60%
Avg Friend Score
Upgrade to see
Score Distribution
Jump to the score distribution portion of the page
Score
0/27
Timer
10:00
0
Plays Today
% Correct
Battle of Solferino & San Martino
77.3%
Capture of Rome
72.7%
The five days of Milan
72.7%
First Battle of Custoza
68.2%
Battle of Magenta
68.2%
Second Battle of Custoza
63.6%
Battle of Milazzo
63.6%
Battle of Calatafimi
63.6%
Landing at Marsala
63.6%
The ten days of Brescia
63.6%
Battle of Novara
59.1%
Battle of Castelfidardo
59.1%
Battle of Mentana
59.1%
Battle of Peschiera
59.1%
% Correct
Battle of Pastrengo
59.1%
Battle of Curtatone & Montanara
59.1%
Siege of Rome
59.1%
Siege of Venice
59.1%
Battle of Lissa
54.5%
Battle of Goito
54.5%
Battle of Melegnano
54.5%
Battle of Treponti
54.5%
Siege of Civitella
54.5%
Siege of Gaeta
54.5%
Battle of Volturnus
54.5%
Liberation of Pontecorvo
54.5%
Battle of Bezzecca
50%
Quiz Playlist
Details
Report
Send in Message
Add To Playlist
Clickable:
Select answers by clicking on text or image buttons
Random Order:
Randomize order of answers
Last Updated: Feb 16, 2017
Quiz Scoreboard
CHALLENGE
Sign Up to Join the Scoreboard
Show All
Scores
Hide
Comments
May contain spoilers
Recently Published
Presidents Visiting Landmarks
by Hejman
History
7m
An Introduction to Baseball
by treessimontrees
Sports
5m
Movies - When Are They Set?
by FPL_Elf
Movies
5m
More to Explore
Quiz From the Vault
Featured Blog Post
Where Did the Easter Bunny Come From?
hide this ad
You Might Also Like...
Tags
Austria
battle
independence
Italy
Today's Top Quizzes in History
Browse History
hide this ad
Today's Top Quizzes in Italy
Browse Italy
Top Contributed Quizzes in History
1
Popular People in 1991
2
Popular People in 1981
3
Popular People in 1951
4
Popular People in 1941
5
Popular People in 1986
6
Popular People in 1976
7
Popular People in 1921
8
I Am Born On March 28th
9
Popular People in 1946
10
5-to-1: 20th Century Images of War
Explore More
Trending Topics
Harry Potter
Crossword
Marvel
Kpop
Anime
NBA
Disney
WWE
The Office
Song
Soccer
Puzzle
Country
Pokémon
NFL
hide this ad
More By:
Frankitalian
Quiz
Plays
Rating
Category
Featured
Created
Doges of Venice
170
5.00
History
Aug 26, 2013
Italian Dishes by region
159
4.00
Miscellaneous
Sep 21, 2013
Ancient italian rulers match-up
99
4.50
History
Aug 25, 2013
Governments of the Italian Republic
81
History
Aug 27, 2013
Presidents of the E.U. Commission
31
History
Aug 25, 2013
Go to Creator's Profile
Score Distribution
Quiz Creator Spotlight
Frankitalian
Follow
Send a Message
Quizzes Created
-
Created Quiz Play Count
-
More By This Creator
Popular Quizzes Today
1
Find the US States - No Outlines Minefield
2
Find the Countries of Europe - No Outlines Minefield
3
The Countries of the World
4
Find the US States
5
Popular People in 1961
6
US States
7
Risky Map Clicking: Biggest States A-Z
8
Movies - When Are They Set?
More History Quizzes
WW2 Allies, Axis, or Neutral
Curator's Pick
Trending Quizzes
Risky Map Clicking: Least Populous States A-Z
1-10 Letter G Words
1-10 Letter F Words
Risky Map Clicking: Next State Alphabetically
Risky Map Clicking: Biggest States A-Z
Recently Updated
Leaping Animals
pecheneg
Reality TV Shows (A-Z)
bhenderson79
Rickey Henderson's Hall of Fame Teammates
pecheneg
Champions League XIs: Arsenal
pecheneg
Quick Pick: Celebrities in WWE's Hall of Fame
aduchscher
A-Z Keypad Blitz II
pecheneg
Multiple Oscar Actors
pecheneg
Mystery Phrase Blitz: Oscar 'Best Actors'
pecheneg
F. Scott Fitzgerald Novels
LTH
Pick 3 Villains
ddd62291
Trending Topics
Harry Potter
Crossword
Kpop
Disney
Marvel
NBA
Anime
NFL
The Office
Song
WWE
Country
Pokémon
Puzzle
Soccer
Your Account Isn't Verified!
In order to create a playlist on Sporcle, you need to verify the email address you used during registration. Go to your
Sporcle Settings
to finish the process.
Report this User
Report this user for behavior that violates our
Community Guidelines
.
Details:
Send Report
Go to the Sporcle.com Mobile Site →
Comments